Správa z podujatia Stretnutie katedier marketingu - Ostrava 2018

V dňoch 6 a 7. septembra 2018 sa v Ostrave konalo už tradičné stretnutie zástupcov katedier marketingu z univerzít so sídlom v Českej republike a Slovenskej republike. Organizátorom stretnutia bola Katedra marketingu a obchodu, Ekonomická fakulta, VŠB-Technická univerzita Ostrava. Stretnutie sa kona...

Descripción completa

Guardado en:
Detalles Bibliográficos
Autor principal: Gajdoš, Jozef, 1962-2025
Otros Autores: Naščáková, Jana
Formato: Capítulo de libro
Lenguaje:eslovaco
Materias:
Etiquetas: Agregar Etiqueta
Sin Etiquetas, Sea el primero en etiquetar este registro!

MARC

LEADER 00000naa a2200000 4500
001 0249421
005 20240502074004.4
041 0 |a slo 
044 |a SK 
245 1 0 |a Správa z podujatia Stretnutie katedier marketingu - Ostrava 2018  |c Jozef Gajdoš, Jana Naščáková 
520 |a V dňoch 6 a 7. septembra 2018 sa v Ostrave konalo už tradičné stretnutie zástupcov katedier marketingu z univerzít so sídlom v Českej republike a Slovenskej republike. Organizátorom stretnutia bola Katedra marketingu a obchodu, Ekonomická fakulta, VŠB-Technická univerzita Ostrava. Stretnutie sa konalo za účelom výmeny informácií a skúsenosti katedier, ktorých zameranie súvisí s marketingom. 
610 2 0 |a výučba vedecká 
610 2 0 |a marketing 
610 2 0 |a konferencie 
610 2 0 |a Slovensko 
610 2 0 |a Česko 
100 1 |a Gajdoš, Jozef, 1962-2025 
700 1 |a Naščáková, Jana